Inference and representation : (Record no. 1429845)
[ view plain ]
| 000 -LEADER | |
|---|---|
| fixed length control field | 02796cam a2200277 i 4500 |
| 001 - CONTROL NUMBER | |
| control field | 23178201 |
| 003 - CONTROL NUMBER IDENTIFIER | |
| control field | OSt |
| 005 - DATE AND TIME OF LATEST TRANSACTION | |
| control field | 20250527120851.0 |
| 008 - FIXED-LENGTH DATA ELEMENTS--GENERAL INFORMATION | |
| fixed length control field | 230608s2024 ilu b 001 0 eng |
| 020 ## - INTERNATIONAL STANDARD BOOK NUMBER | |
| International Standard Book Number | 9780226830049 |
| Qualifying information | (paperback) |
| 040 ## - CATALOGING SOURCE | |
| Transcribing agency | SDCL |
| 082 ## - DEWEY DECIMAL CLASSIFICATION NUMBER | |
| Classification number | R1 R4 |
| 100 1# - MAIN ENTRY--PERSONAL NAME | |
| Personal name | Suárez, Mauricio |
| 9 (RLIN) | 809761 |
| 245 10 - TITLE STATEMENT | |
| Title | Inference and representation : |
| Remainder of title | a study in modeling science |
| 264 #1 - PRODUCTION, PUBLICATION, DISTRIBUTION, MANUFACTURE, AND COPYRIGHT NOTICE | |
| Place of production, publication, distribution, manufacture | Chicago ; |
| -- | London : |
| Name of producer, publisher, distributor, manufacturer | The University of Chicago Press, |
| Date of production, publication, distribution, manufacture, or copyright notice | 2024. |
| 300 ## - PHYSICAL DESCRIPTION | |
| Extent | xi, 316p. |
| 504 ## - BIBLIOGRAPHY, ETC. NOTE | |
| Bibliography, etc. note | Includes bibliographical references and index. |
| 505 0# - FORMATTED CONTENTS NOTE | |
| Formatted contents note | Introducing scientific representation -- Part I. Modeling. The modeling attitude : a genealogy; Models and their uses -- Part II. Representation. Theories of representation; Against substance; Scientific theories and deflationary representation; Representation as inference -- Part III. Implications. Lessons from the philosophy of art; Scientific epistemology transformed. |
| 520 ## - SUMMARY, ETC. | |
| Summary, etc. | "Mauricio Suárez develops a conception of representation that delivers a compelling account of modeling practice. He begins by discussing the history and methodology of model building, helpfully charting the emergence of what he calls the modeling attitude, a nineteenth century and fin de siècle development. Throughout the book, prominent cases of models, both historical and contemporary, are used as benchmarks for the accounts of representation considered throughout the book. After arguing against reductive naturalist theories of scientific representation, Suárez sets out his own account: a case for pluralism regarding the means of representation and minimalism regarding its constituents. He shows that scientists employ a plurality of different modeling relations in their representational practice - which also help them to assess the accuracy of their representations - while demonstrating that there is nothing metaphysically deep about the constituent relation that encompasses all these diverse means. The book also probes the broad implications of Suárez's inferential conception outside scientific modeling itself, covering analogies with debates about artistic representation over the past several decades, as well as the consequences for epistemology of adopting an inferential conception of representation. His inferential conception is neutral between realism and instrumentalism, and he illustrates this by looking at, and briefly taking issue with, the epistemology of some of the most widely discussed philosophers in the literature"-- |
| Assigning source | Provided by publisher. |
| 650 #0 - SUBJECT ADDED ENTRY--TOPICAL TERM | |
| Topical term or geographic name entry element | Science |
| General subdivision | Philosophy. |
| 9 (RLIN) | 810802 |
| 650 #0 - SUBJECT ADDED ENTRY--TOPICAL TERM | |
| Topical term or geographic name entry element | Science |
| General subdivision | Methodology. |
| 9 (RLIN) | 810803 |
| 650 #0 - SUBJECT ADDED ENTRY--TOPICAL TERM | |
| Topical term or geographic name entry element | Representation (Philosophy) |
| 9 (RLIN) | 810804 |
| 650 #0 - SUBJECT ADDED ENTRY--TOPICAL TERM | |
| Topical term or geographic name entry element | Inference. |
| 9 (RLIN) | 733383 |
| 650 #0 - SUBJECT ADDED ENTRY--TOPICAL TERM | |
| Topical term or geographic name entry element | Knowledge, Theory of. |
| 9 (RLIN) | 810805 |
| 942 ## - ADDED ENTRY ELEMENTS (KOHA) | |
| Source of classification or shelving scheme | Colon Classification (CC) |
| Koha item type | Textual |
| Suppress in OPAC | No |
| Withdrawn status | Lost status | Source of classification or shelving scheme | Damaged status | Not for loan | Home library | Current library | Date acquired | Source of acquisition | Inventory number | Total Checkouts | Full call number | Barcode | Date last seen | Price effective from | Koha item type |
|---|---|---|---|---|---|---|---|---|---|---|---|---|---|---|---|
| Colon Classification (CC) | South Campus Library | South Campus Library | 2025-05-22 | Govinda Book House | 6632, 05/02/2025 | R1 R4 | SC1691062 | 2025-05-22 | 2025-05-22 | Textual |
